000 01365nam0a2200313 4500
001 RU\NLR\b_ik\115657
005 20250616225417.0
010 _a5-7107-7296-8
_93000
035 _a(NLR Aleph) 002189291
090 _a2889961
_c2889961
100 _a20040723d2004 |||y0rusy50 ca
101 0 _arus
_aeng
_geng
102 _aRU
_aGB
105 _aa |||||||||
200 1 _aCambridge reading. Level 4 (Independent reading)
_eTeacher's book
_e[Метод. пособие]
_fM. Biboletova, N. Trubaneva
210 _a[Cambridge]
_cCambridge univ. press
_aМ.
_cДрофа
_d2004
215 _a96 с.
_cил.
_d20
225 1 _aCambridge reading
_eДля рос. шк.
300 _aВ вып. дан. авт.: Биболетова Мерем Зобатовна [!], Трубанева Наталья Николаевна
541 0 _aКембриджские чтения. Уровень 4 (Самостоятельное чтение)
_eКнига для учителя
_zrus
606 0 _aАнглийский язык
_xВнеклассное чтение
_xМетодика
_92249992
_3RU\NLR\AUTH\661349640
686 4 _aЧ426.179Ан.2(2)-38
700 1 _aBiboletova
_bM. Z.
_gMerem Zabatovna
_4070
701 1 _aTrubaneva
_bN. N.
_gNatal'ja Nikolaevna
_4070
801 0 _aRU
_bNLR
_c20040723
_gPSBO
942 _cBOOK
980 _aNB